Statistics for Falling for Ya - Teen Beach Movie, lyrics

Click here to take the quiz!

General Stats

  • This quiz has been taken 137 times
  • The average score is 199 of 247

Answer Stats

Answer% Correct
A
99%
Fall
99%
Falling
99%
For
99%
I
99%
The
99%
Ya
99%
He
98%
To
98%
I’m
96%
And
94%
Can’t
93%
But
92%
Guy
92%
Just
92%
Kind
92%
Not
92%
Smile
92%
Was
92%
Too
90%
Who
90%
Day
89%
It
89%
(It
89%
Now
89%
Or
89%
By
88%
By)
88%
You
88%
On
87%
Ordinary
87%
Cool
86%
Flashes
86%
Know
86%
Boys
84%
Started
84%
Stop
84%
Over
83%
School)
83%
Walking
83%
Hold
82%
Longer
82%
Shouldn’t
82%
Moon
81%
Any
80%
From
80%
Myself
80%
Same
80%
Story
80%
(‘Cause
78%
‘Cause
78%
Old
78%
Shy
78%
Fresh
76%
Usually
75%
Goes
69%
Miles)
65%
Swoon
64%
Be
61%
“Hi”
58%
Don’t
52%
He’s
51%
Says
51%
We
49%
Meow
43%
(Meow
43%
Meow)
43%
So
43%
(When
43%
Cat’s
42%
His
42%
We’re
42%
Goin’
41%
Steady
41%
Girl
40%
Like
37%
Town
37%
Your
37%
Paint
36%
Ready
36%
Arms
34%
Catching
31%
Feels
31%
Into
31%
Secure
31%
Another
30%
World
30%
Gaze
29%
Betty
28%
It’s
28%
Race
28%
Cruisin’
27%
Gonna
27%
Sure
27%
Head
25%
Heels
24%
This
24%
Stumble
23%
Maybe
22%
Days)
19%
I’ll
19%
Tumbled
14%
(Down-low
4%

Score Distribution

Percentile by Number Answered

Percent of People with Each Score

Your Score History

You have not taken this quiz